000 00429nam a2200157 i 4500
001 93118
003 ES-MaACL
005 20230906181129.0
007 t|
008 050407s1939 gw ||||1| ger d
100 1 _aLoens, Hermann.
_973097
245 1 3 _aDer wehrwolf
_b: eine bauevnchronik /
_cHermann Loens.
260 _aJena :
_bDiederich,
_c1939.
300 _a248 p., 3 h. ;
_c20 cm.
852 _aES-MaACL
_jF-15511
_bR.19113
999 _c93118
_d93118